[Event "GER-ch U10"]
[Site "Magdeburg"]
[Date "2014.06.12"]
[Round "8"]
[White "Kurzweil, Nalani"]
[Black "Neumann, Konstantina"]
[Result "1-0"]
[WhiteElo "1194"]
[BlackElo "1183"]
[PlyCount "97"]
[EventDate "2014.06.08"]
[EventType "swiss"]
[EventRounds "11"]
[EventCountry "GER"]
[SourceTitle "CBM 160 Extra"]
[Source "ChessBase"]
[SourceDate "2014.07.01"]
[SourceVersion "1"]
[SourceVersionDate "2014.07.01"]
[SourceQuality "1"]

1. Nf3 Nc6 2. d4 d5 3. c4 Nf6 4. cxd5 Nxd5 5. e4 Nf6 6. Nc3 e6 7. Bb5 Bd7 8. a3 Bd6 9. Bxc6 Bxc6 10. e5 Nd5 11. Nxd5 Bxd5 12. exd6 Qxd6 13. 0-0 0-0 14. Bg5 Rae8 15. Bd2 f6 16. Bb4 Bxf3 17. Qxf3 Qxd4 18. Bxf8 Rxf8 19. Qb3 Qd5 20. Qxd5 exd5 21. Rfe1 Rd8 22. Rad1 d4 23. Re4 c5 24. Rde1 Kf7 25. Re7+ Kf8 26. Rxb7 d3 27. Rd1 d2 28. Rc7 Re8 29. Kf1 Rd8 30. Rxc5 g5 31. Rc2 Re8 32. Rcxd2 h5 33. Rd8 Rxd8 34. Rxd8+ Kf7 35. Rd7+ Kf8 36. Rxa7 Kg8 37. b4 Kf8 38. b5 Ke8 39. Rc7 Kd8 40. Rc1 Kd7 41. b6 Kd8 42. b7 Ke7 43. b8Q Kf7 44. Rc7+ Kg6 45. Rc5 Kg7 46. Qe8 Kh7 47. Rc7+ Kh6 48. Qf7 g4 49. Qxf6# 1-0

[Event "GER-ch U10"]
[Site "Magdeburg"]
[Date "2014.06.10"]
[Round "5"]
[White "Diederich, Greta"]
[Black "Kurzweil, Nalani"]
[Result "1/2-1/2"]
[WhiteElo "1036"]
[BlackElo "1194"]
[PlyCount "74"]
[EventDate "2014.06.08"]
[EventType "swiss"]
[EventRounds "11"]
[EventCountry "GER"]
[SourceTitle "CBM 160 Extra"]
[Source "ChessBase"]
[SourceDate "2014.07.01"]
[SourceVersion "1"]
[SourceVersionDate "2014.07.01"]
[SourceQuality "1"]

1. d4 d5 2. e3 Bf5 3. f4 e6 4. Nf3 c5 5. c3 Nc6 6. Nbd2 Nf6 7. Ne5 Nxe5 8. fxe5 Ne4 9. Nxe4 Bxe4 10. Bb5+ Ke7 11. 0-0 a6 12. Ba4 b5 13. Bc2 Bg6 14. Bxg6 hxg6 15. Qf3 Kd7 16. Qxf7+ Kc8 17. Qxe6+ Kb8 18. Qxg6 Rh6 19. Qf7 Rh8 20. e6 Ra7 21. Qg6 Rh6 22. Qg3+ Bd6 23. Qg4 Bxh2+ 24. Kf2 Rf6+ 25. Ke2 Rxf1 26. Kxf1 Qf6+ 27. Qf3 Qxe6 28. Qf8+ Kb7 29. Qxg7+ Kb6 30. dxc5+ Kc6 31. Qxa7 Qf5+ 32. Ke2 Qg4+ 33. Kd3 Qe4+ 34. Ke2 Qxg2+ 35. Kd3 Qe4+ 36. Ke2 Qg2+ 37. Kd3 Qe4+ 1/2-1/2

[Event "Berlin Spring op-B"]
[Site "Berlin"]
[Date "2014.05.03"]
[Round "5"]
[White "Sanasi, Marcello"]
[Black "Kurzweil, Nalani"]
[Result "1-0"]
[WhiteElo "1611"]
[BlackElo "1132"]
[PlyCount "113"]
[EventDate "2014.05.01"]
[EventType "swiss"]
[EventRounds "7"]
[EventCountry "GER"]
[SourceTitle "CBM 160 Extra"]
[Source "ChessBase"]
[SourceDate "2014.07.01"]
[SourceVersion "1"]
[SourceVersionDate "2014.07.01"]
[SourceQuality "1"]

1. d4 Nf6 2. Nf3 d5 3. Bf4 Bf5 4. e3 e6 5. h3 Bd6 6. Ne5 Nbd7 7. Nd2 Ne4 8. Ndf3 f6 9. Nxd7 Qxd7 10. Bxd6 Qxd6 11. c4 Qb4+ 12. Nd2 Nxd2 13. Qxd2 Qxd2+ 14. Kxd2 c6 15. f3 e5 16. g4 Bg6 17. Rc1 Rc8 18. cxd5 exd4 19. e4 0-0 20. dxc6 Rxc6 21. Bc4+ Kh8 22. Bd5 Rxc1 23. Rxc1 b6 24. Rc7 a6 25. Kd3 Rd8 26. Kxd4 Be8 27. b3 Bb5 28. a4 Bf1 29. h4 Bg2 30. Ke3 Bh3 31. Rc1 h5 32. gxh5 Kh7 33. Rc6 Rb8 34. Rc7 Kh6 35. b4 g6 36. hxg6 Kxg6 37. h5+ Kxh5 38. Rh7+ Kg5 39. Rxh3 f5 40. Rg3+ Kf6 41. Rg8 f4+ 42. Kxf4 Rxg8 43. Bxg8 a5 44. bxa5 bxa5 45. Bd5 Ke7 46. e5 Kf8 47. Kf5 Ke8 48. Ke6 Kf8 49. f4 Ke8 50. f5 Kf8 51. f6 Ke8 52. Kd6 Kf8 53. f7 Kg7 54. Ke7 Kh7 55. e6 Kg7 56. f8Q+ Kh7 57. Be4# 1-0

[Event "Sachsen-ch U08 op"]
[Site "Sebnitz"]
[Date "2013.11.01"]
[Round "8"]
[White "Kurzweil, Nalani"]
[Black "Bress, Aaron"]
[Result "1/2-1/2"]
[WhiteElo "945"]
[BlackElo "1122"]
[PlyCount "98"]
[EventDate "2013.10.28"]
[EventType "swiss"]
[EventRounds "9"]
[EventCountry "GER"]
[SourceTitle "EXT 2018"]
[Source "ChessBase"]
[SourceDate "2017.10.13"]
[SourceVersion "1"]
[SourceVersionDate "2017.10.13"]
[SourceQuality "1"]

1. e4 c6 2. c4 d5 3. cxd5 cxd5 4. exd5 Qxd5 5. Nc3 Qa5 6. d4 Nf6 7. Bc4 Bf5 8. Nf3 e6 9. a3 Be7 10. Bf4 0-0 11. 0-0 Nc6 12. Qd2 Rac8 13. d5 exd5 14. Nxd5 Nxd5 15. Qxd5 Qxd5 16. Bxd5 Rfd8 17. Rad1 Rd7 18. Bc4 Rcd8 19. Rxd7 Rxd7 20. Bb3 Bf6 21. Re1 g6 22. Re2 Rd8 23. Ba4 Kg7 24. h3 Be6 25. b4 a6 26. Be5 Nxe5 27. Nxe5 Rd5 28. Nf3 Rd3 29. Re3 Rxe3 30. fxe3 Bd5 31. Nd2 Bb2 32. Nb1 Ba2 33. Nd2 Bxa3 34. b5 axb5 35. Bxb5 Bb4 36. Nf1 f6 37. Kf2 h6 38. Kg3 Bd6+ 39. Kf3 g5 40. g4 Bd5+ 41. e4 Bc6 42. Bxc6 bxc6 43. Ke2 Kf7 44. Kd3 c5 45. Ne3 Ke6 46. Nc4 Be5 47. Ke3 Bd6 48. Kd3 Be5 49. Ke3 Bf4+ 1/2-1/2

[Event "GER-ch U25 op-B"]
[Site "Oberhof"]
[Date "2013.05.25"]
[Round "9"]
[White "Kurzweil, Nalani"]
[Black "Matuschak, Henry"]
[Result "0-1"]
[WhiteElo "917"]
[BlackElo "1082"]
[PlyCount "38"]
[EventDate "2013.05.19"]
[EventType "swiss"]
[EventRounds "9"]
[EventCountry "GER"]
[SourceTitle "CBM 154 Extra"]
[Source "ChessBase"]
[SourceDate "2013.06.25"]
[SourceVersion "2"]
[SourceVersionDate "2013.06.25"]
[SourceQuality "1"]

1. e4 e5 2. Nf3 Nc6 3. Bc4 Bc5 4. Nc3 Nf6 5. d3 h6 6. Be3 Bxe3 7. fxe3 0-0 8. d4 d6 9. h3 exd4 10. exd4 Re8 11. Qd3 Bf5 12. Nd2 d5 13. Nxd5 Nxd5 14. Bxd5 Qxd5 15. 0-0 Bxe4 16. Nxe4 Rxe4 17. c3 Rae8 18. Rad1 Re2 19. Rb1 Qxg2# 0-1